zpět

Detail výsledku týmu

Pekelná Husa, Klatovy

Datum a čas kvízu

22.5 Celkem bodů Celkový počet nahraných bodů na tomto kvízu bez doplňovacích otázek.
8. Pořadí na kvízu Konečné umístění týmu na tomto kvízu.

Zaznamenané odpovědi

# Otázka Odpověď Body Výsledky
1. Který český ministr v poslední... Vít Rakušan 1
2. K bezprecedentnímu kroku se od... už nenabízí alkohol 0
3. Cenu Czech Press Photo za rok... D) v budově soudu 0
4. Minulý týden byl spuštěn elekt... DiPSy 0
5. Který sportovec, muž narozený... Ladislav Krejčí 0
6. Ve třetím díle cestovatelského... z Janských Lázní 0
7. Stále větší oblibě cestovatelů... portugalština 0
8. Kdepak Paříž. Ve kterém městě... v Las Vegas 1
9. S písmenem M se vracíme do Čes... v Moravském Krumlově 0
10. Ve kterém století byl vybudová... v 19. století 0